Enseñar baloncesto a los jóvenes

Saved in:
Bibliografiske detaljer
Hovedforfatter: Faucher, David G (Author)
Format: Bog
Sprog:spansk
Udgivet: Badalona Paidotribo 2007
Udgivelse:1a. ed
Fag:
Tags: Tilføj Tag
Ingen Tags, Vær først til at tagge denne postø!

MARC

LEADER 00000nam a2200000 a 4500
001 UCG3421
003 CL-VaPUC
008 100826e20070000sp |||||||||||||||||spa|d
020 |a 9788480196512 
082 0 4 |a 796.323  |b FAU  |2 21 
100 0 |a Faucher, David G  |e author  |9 552554 
245 1 0 |a Enseñar baloncesto a los jóvenes 
250 |a 1a. ed 
300 |a 199 p 
942 |c BK 
945 |d 20100826 00:00:00  |a mfarfan 
260 |a Badalona  |b Paidotribo  |c 2007 
650 7 |a BALONCESTO  |2 CL-VaPUC  |9 552555 
650 7 |a DEPORTE  |2 CL-VaPUC  |9 552556 
650 0 |a Actividad física  |9 362156 
650 7 |a ENTRENAMIENTO FISICO  |2 CL-VaPUC  |9 307393 
583 |a last modification  |c 20171130 06:47:09  |k Rodrigo Vera 
999 |c 342489  |d 342487 
952 |0 0  |1 0  |4 0  |6 796_323000000000000_FAU_2007  |7 0  |8 C  |9 438700  |a BIBCUR  |b BIBCUR  |d 2019-11-22  |i 4712250  |l 1  |o 796.323 FAU 2007  |p 4712250  |r 2025-04-22  |s 2023-12-20  |w 2019-11-22  |y BK  |k DEN